[Event "25th Rubinstein Memorial"]
[Site "Polanica Zdroj POL"]
[Date "1987.08.??"]
[Round "1"]
[White "Bany, Jerzy"]
[Black "Popchev, Milko"]
[WhiteElo "2455"]
[BlackElo "2460"]
[Result "0-1"]
[EventDate "1987.08.05"]
[PlyCount "80"]
1. Nf3 d6 2. d4 Bg4 3. c4 c6 4. Nc3 Nf6 5. e4 e6 6. Be2 Be7 7. h3 Bh5 8. Be3 O-O 9. Qb3 Qc7 10. g4 Bg6 11. Nd2 d5 12. cxd5 cxd5 13. e5 Nfd7 14. h4 h6 15. g5 Nc6 16. gxh6 gxh6 17. h5 Bf5 18. Nb5 Qb6 19. Bxh6 Kh8 20. Bxf8 Bxf8 21. Qe3 a6 22. Nd6 Qxb2 23. Nb3 Bxd6 24. exd6 Nb4 25. O-O Kh7 26. Rac1 Nc2 27. Qd2 Qxa2 28. Rb1 Qa3 29. Bd3 Nxd4 30. Qe3 Bxd3 31. Qxd3+ Nf5 32. Rfd1 Ne5 33. Qe2 Rg8+ 34. Kf1 Ng4 35. Qc2 Qxd6 36. Rd3 Qe5 37. Rg3 Nh2+ 38. Kg2 Rxg3+ 39. fxg3 Qxg3+ 40. Kh1 Nf3 0-1

[Event "25th Rubinstein Memorial"]
[Site "Polanica Zdroj POL"]
[Date "1987.08.??"]
[Round "1"]
[White "Stempin, Pawel"]
[Black "Thorsteins, Karl"]
[WhiteElo "2400"]
[BlackElo "2445"]
[Result "0-1"]
[EventDate "1987.08.05"]
[PlyCount "110"]
1. d4 Nf6 2. Nf3 g6 3. c4 Bg7 4. Nc3 d5 5. Bg5 Ne4 6. cxd5 Nxg5 7. Nxg5 e6 8. Qd2 exd5 9. Qe3+ Kf8 10. h4 c6 11. O-O-O Nd7 12. h5 h6 13. Nf3 g5 14. g3 b5 15. Ne5 Nxe5 16. dxe5 Qb6 17. Rd4 Be6 18. f4 b4 19. Na4 Qa5 20. b3 c5 21. Rd2 Rc8 22. f5 c4 23. fxe6 cxb3+ 24. Kd1 Qxa4 25. Qxb3 Qxb3+ 26. axb3 fxe6 27. Bh3 Ke7 28. Ra2 Bxe5 29. Rxa7+ Rc7 30. Ra6 Bd6 31. Rf1 Rhc8 32. e3 Rc3 33. Ke2 Rxb3 34. Rd1 Rcc3 35. Ra7+ Bc7 36. Kf2 Rxe3 37. Rc1 Rf3+ 38. Ke2 Rbe3+ 39. Kd2 Rd3+ 40. Ke1 Rfe3+ 41. Kf2 Rf3+ 42. Ke2 Rde3+ 43. Kd2 Rxg3 44. Rcxc7+ Kd6 45. Bf1 Ra3 46. Rab7 b3 47. Rc1 Ra2+ 48. Ke1 g4 49. Rb6+ Ke5 50. Rcc6 Re3+ 51. Kd1 Kf6 52. Rc8 Kg5 53. Rg8+ Kxh5 54. Rb4 Rg3 55. Ke1 Rc3 0-1

[Event "25th Rubinstein Memorial"]
[Site "Polanica Zdroj POL"]
[Date "1987.08.??"]
[Round "1"]
[White "Hawelko, Marek"]
[Black "Tomaszewski, Roman"]
[WhiteElo "2440"]
[BlackElo "2435"]
[Result "1-0"]
[EventDate "1987.08.05"]
[PlyCount "61"]
1. e4 c6 2. d4 d5 3. Nd2 dxe4 4. Nxe4 Nd7 5. Bd3 Ngf6 6. Ng5 Nb6 7. N1f3 h6 8. Ne4 Nxe4 9. Bxe4 Bg4 10. O-O e6 11. h3 Bxf3 12. Qxf3 Be7 13. c3 Nd5 14. Re1 O-O 15. Bc2 Re8 16. Qd3 Nf6 17. Bf4 Bd6 18. Be5 Bxe5 19. Rxe5 Kf8 20. Rae1 Qb6 21. Bb3 a5 22. Qc2 Rac8 23. Bc4 Nd7 24. R5e3 Nf6 25. Re5 Nd7 26. Rxe6 fxe6 27. Rxe6 Nf6 28. Qf5 Qd8 29. Qc5+ Kg8 30. Rxe8+ Kh7 31. Bd3+ 1-0

[Event "25th Rubinstein Memorial"]
[Site "Polanica Zdroj POL"]
[Date "1987.08.??"]
[Round "1"]
[White "Rajna, Gyorgy"]
[Black "Dolmatov, Sergei"]
[WhiteElo "2520"]
[BlackElo "2540"]
[Result "0-1"]
[EventDate "1987.08.05"]
[PlyCount "148"]

1. d4 e6 2. c4 f5 3. Nf3 Nf6 4. g3 d5 5. Bg2 c6 6. O-O Bd6 7. b3 Qe7 8. a4 O-O 9. Ba3 Bxa3 10. Nxa3 a5 11. Ne5 Nbd7 12. Nd3 b6 13. cxd5 exd5 14. Qc2 Bb7 15. Nb1 Rae8 16. e3 Ne4 17. Nd2 c5 18. dxc5 bxc5 19. Rac1 Rc8 20. Rfd1 Rfd8 21. Nxe4 fxe4 22. Nf4 Nf6 23. Bh3 Rc6 24. Qd2 g5 25. Ne2 Bc8 26. Bg2 Qc7 27. Rc3 Rdd6 28. Rdc1 Ba6 29. h3 h6 30. Bf1 Nd7 31. Bg2 Ne5 32. g4 Nd3 33. Rf1 d4 34. exd4 cxd4 35. Rxc6 Qxc6 36. Ng3 Re6 37. Qxa5 Nf4 38. Qd8+ Kf7 39. Nf5 Bxf1 40. Bxf1 d3 41. b4 Qd5 42. Qc7+ Kf8 43. Qg7+ Ke8 44. Qg8+ Kd7 45. Qg7+ Kd8 46. Qh8+ Kc7 47. Qg7+ Qd7 48. Qc3+ Kb8 49. Qh8+ Kb7 50. Nd4 d2 51. Nxe6 Nxe6 52. Be2 d1=Q+ 53. Bxd1 Qxd1+ 54. Kh2 Qd6+ 55. Kg1 Qxb4 56. Qh7+ Kc8 57. Qf5 Kd7 58. a5 Kd6 59. h4 Qe1+ 60. Kh2 Qe2 61. a6 e3 62. Kg1 exf2+ 63. Qxf2 Qxf2+ 64. Kxf2 Kc6 65. h5 Kb6 66. Ke3 Nf4 67. Ke4 Kxa6 68. Kf5 Kb6 69. Kf6 Nxh5+ 70. gxh5 g4 71. Kg6 g3 72. Kxh6 g2 73. Kh7 g1=Q 74. h6 Qg5 0-1

[Event "25th Rubinstein Memorial"]
[Site "Polanica Zdroj POL"]
[Date "1987.08.??"]
[Round "1"]
[White "Kuczynski, Robert"]
[Black "Spasov, Luben"]
[WhiteElo "2470"]
[BlackElo "2365"]
[Result "1-0"]
[EventDate "1987.08.05"]
[PlyCount "79"]
1. e4 c5 2. Nf3 d6 3. d4 cxd4 4. Nxd4 Nf6 5. Nc3 a6 6. Be2 e6 7. O-O Be7 8. f4 Qc7 9. Kh1 O-O 10. a4 Rd8 11. Be3 b6 12. Bf3 Bb7 13. e5 Ne8 14. Bxb7 Qxb7 15. Qg4 Nc6 16. Qf3 Na5 17. Qxb7 Nxb7 18. Nc6 Rd7 19. Nxe7+ Rxe7 20. Bxb6 d5 21. Ne2 Rc8 22. Nd4 Nc5 23. Bxc5 Rxc5 24. Rad1 h5 25. g3 Rb7 26. b3 Nc7 27. Rf3 a5 28. Rdd3 Na6 29. Rc3 Rbc7 30. Rxc5 Rxc5 31. Kg2 Nb4 32. c3 Na2 33. Ne2 Rc8 34. Rd3 d4 35. c4 Rb8 36. Kf2 Nc3 37. Nxd4 Ne4+ 38. Ke3 Nc5 39. Rc3 Rb6 40. Nb5 1-0

[Event "25th Rubinstein Memorial"]
[Site "Polanica Zdroj POL"]
[Date "1987.08.??"]
[Round "2"]
[White "Dolmatov, Sergei"]
[Black "Kuczynski, Robert"]
[WhiteElo "2540"]
[BlackElo "2470"]
[Result "1/2-1/2"]
[EventDate "1987.08.05"]
[PlyCount "93"]
1. e4 c5 2. Nf3 d6 3. d4 cxd4 4. Nxd4 Nf6 5. Nc3 a6 6. f4 Nbd7 7. a4 g6 8. Be2 Bg7 9. Be3 O-O 10. O-O Qc7 11. Kh1 Nb6 12. Qd3 Bg4 13. Rae1 e5 14. Nb3 Bxe2 15. Rxe2 Nc4 16. Bc1 exf4 17. Rxf4 Ne5 18. Qh3 Qd7 19. Qh4 Nh5 20. Rf1 Qg4 21. Qxg4 Nxg4 22. Nd5 Be5 23. Nf4 Nxf4 24. Bxf4 Rac8 25. Bxe5 Nxe5 26. c3 Rfe8 27. Kg1 Re7 28. Rd1 Nc4 29. Nc1 Re6 30. b3 Na5 31. c4 Rce8 32. Kf2 Nc6 33. h3 h5 34. Red2 Rxe4 35. Rxd6 R8e7 36. Rd7 Kf8 37. Rxe7 Kxe7 38. Nd3 b6 39. Re1 Rxe1 40. Kxe1 a5 41. Kd2 Nd4 42. Kc3 Ne2+ 43. Kb2 Kd6 44. b4 axb4 45. Kb3 g5 46. Kxb4 f5 47. Kb5 1/2-1/2

[Event "25th Rubinstein Memorial"]
[Site "Polanica Zdroj POL"]
[Date "1987.08.??"]
[Round "2"]
[White "Tomaszewski, Roman"]
[Black "Rajna, Gyorgy"]
[WhiteElo "2435"]
[BlackElo "2520"]
[Result "1/2-1/2"]
[EventDate "1987.08.05"]
[PlyCount "116"]

1. d4 Nf6 2. c4 g6 3. Nf3 Bg7 4. g3 O-O 5. Bg2 d6 6. Nc3 Nc6 7. O-O a6 8. h3 Rb8 9. Qc2 Bd7 10. e4 b5 11. cxb5 axb5 12. Re1 b4 13. Na4 Na5 14. b3 c6 15. Bf4 Nb7 16. Nb2 Ne8 17. Qd2 c5 18. Bh6 cxd4 19. Bxg7 Nxg7 20. Nxd4 Nc5 21. e5 Nf5 22. Nxf5 Bxf5 23. exd6 exd6 24. Rad1 Qf6 25. Nc4 Rfd8 26. Qd4 Qxd4 27. Rxd4 Re8 28. Rxe8+ Rxe8 29. Nxd6 Re1+ 30. Kh2 Be6 31. Bd5 Re2 32. Kg1 Rxa2 33. Bxe6 fxe6 34. Rxb4 Rb2 35. Rb5 Nxb3 36. Rb8+ Kg7 37. Rb7+ Kg8 38. Ne4 Rb1+ 39. Kg2 Nd2 40. Nf6+ Kf8 41. Nxh7+ Kg8 42. Rxb1 Nxb1 43. Ng5 e5 44. Nf3 e4 45. Ng5 Nc3 46. Kf1 Kg7 47. Ke1 Kf6 48. Kd2 Nb1+ 49. Kc2 Na3+ 50. Kb3 Kxg5 51. Kxa3 Kf5 52. Kb4 e3 53. fxe3 Ke4 54. h4 Kxe3 55. g4 Kf4 56. h5 gxh5 57. gxh5 Kg5 58. Ka5 Kxh5 1/2-1/2

[Event "25th Rubinstein Memorial"]
[Site "Polanica Zdroj POL"]
[Date "1987.08.??"]
[Round "2"]
[White "Boensch, Uwe"]
[Black "Hawelko, Marek"]
[WhiteElo "2530"]
[BlackElo "2440"]
[Result "1-0"]
[EventDate "1987.08.05"]
[PlyCount "53"]
1. d4 Nf6 2. c4 c5 3. d5 b5 4. Nd2 bxc4 5. e4 Qa5 6. Bxc4 d6 7. Ngf3 Ba6 8. O-O Bxc4 9. Nxc4 Qa6 10. b3 g6 11. e5 dxe5 12. Nfxe5 Bg7 13. d6 O-O 14. dxe7 Re8 15. Nxf7 Rxe7 16. Nh6+ Kf8 17. Bg5 Qc6 18. Na5 Qe4 19. Qd8+ Re8 20. Qd6+ Qe7 21. Qf4 Qe4 22. Rad1 Qxf4 23. Bxf4 Bxh6 24. Bxh6+ Kf7 25. Nb7 Re2 26. Rd8 Re8 27. Nd6+ 1-0

[Event "25th Rubinstein Memorial"]
[Site "Polanica Zdroj POL"]
[Date "1987.08.??"]
[Round "2"]
[White "Thorsteins, Karl"]
[Black "Greenfeld, Alon"]
[WhiteElo "2445"]
[BlackElo "2520"]
[Result "1-0"]
[EventDate "1987.08.05"]
[PlyCount "80"]
1. d4 Nf6 2. c4 e6 3. Nc3 d5 4. cxd5 exd5 5. Bg5 c6 6. e3 h6 7. Bh4 Bf5 8. Qf3 Bh7 9. Bxf6 gxf6 10. Rd1 Qb6 11. Bd3 Qxb2 12. Nge2 Bxd3 13. Rxd3 Nd7 14. e4 dxe4 15. Qxe4+ Be7 16. O-O Qa3 17. Nb5 Qa5 18. Nd6+ Kf8 19. Nf5 Bb4 20. a3 Re8 21. Qg4 Rg8 22. Qf4 Rxe2 23. axb4 Qd5 24. Qxh6+ Ke8 25. Ng3 Kd8 26. Qf4 Rb2 27. Ra3 a6 28. Ra5 Qc4 29. Ne4 Qxb4 30. Raa1 Qb5 31. Nc5 Qc4 32. Rab1 Rxb1 33. Rxb1 Nxc5 34. Qb8+ Ke7 35. Qxg8 Qxd4 36. Qg3 b5 37. Qc7+ Qd7 38. Qb6 Qd5 39. Rc1 Kd6 40. Qd8+ Nd7 1-0

[Event "25th Rubinstein Memorial"]
[Site "Polanica Zdroj POL"]
[Date "1987.08.??"]
[Round "2"]
[White "Garcia Gonzales, Guillermo"]
[Black "Bany, Jerzy"]
[WhiteElo "2510"]
[BlackElo "2455"]
[Result "1-0"]
[EventDate "1987.08.05"]
[PlyCount "79"]
1. d4 d5 2. c4 c6 3. Nf3 e6 4. Qc2 Nf6 5. Bg5 h6 6. Bxf6 Qxf6 7. e4 dxe4 8. Qxe4 Bb4+ 9. Nc3 c5 10. Rc1 cxd4 11. Nxd4 O-O 12. Bd3 Rd8 13. Qh7+ Kf8 14. Nde2 Bxc3+ 15. Rxc3 Bd7 16. O-O Bc6 17. Ng3 Nd7 18. Be4 Bxe4 19. Nxe4 Qf5 20. Qxf5 exf5 21. Nd6 Nc5 22. Nxf5 Rd2 23. b4 Ne6 24. a3 Rad8 25. g3 g6 26. Ne3 Nd4 27. Kg2 Ne2 28. Rc2 Rxc2 29. Nxc2 Rd2 30. Ne3 Ra2 31. Rd1 Rxa3 32. Rd7 b6 33. Ng4 f5 34. Ne5 g5 35. c5 bxc5 36. bxc5 g4 37. Ng6+ Kg8 38. c6 Ra1 39. f3 Ra2 40. Kf1 1-0

[Event "25th Rubinstein Memorial"]
[Site "Polanica Zdroj POL"]
[Date "1987.08.??"]
[Round "3"]
[White "Hawelko, Marek"]
[Black "Thorsteins, Karl"]
[WhiteElo "2440"]
[BlackElo "2445"]
[Result "0-1"]
[EventDate "1987.08.05"]
[PlyCount "68"]
1. e4 c5 2. Nf3 e6 3. d4 cxd4 4. Nxd4 Nf6 5. Nc3 d6 6. Be2 Be7 7. O-O O-O 8. f4 Nc6 9. Kh1 Qc7 10. Be3 Bd7 11. Nb3 a6 12. a4 b6 13. Bf3 Bc8 14. Qe2 Bb7 15. Rad1 Rfe8 16. Qf2 Nd7 17. Rd2 Nc5 18. Nxc5 bxc5 19. Qg3 Bf8 20. e5 dxe5 21. fxe5 Ne7 22. Be4 Bxe4 23. Nxe4 Nf5 24. Rxf5 exf5 25. Nf6+ Kh8 26. Nxe8 Rxe8 27. Bf4 Qc6 28. b3 c4 29. h3 h6 30. h4 cxb3 31. Qxb3 Qe4 32. Qg3 Qxa4 33. Kh2 Qc6 34. Qh3 a5 0-1

[Event "25th Rubinstein Memorial"]
[Site "Polanica Zdroj POL"]
[Date "1987.08.??"]
[Round "3"]
[White "Rajna, Gyorgy"]
[Black "Boensch, Uwe"]
[WhiteElo "2520"]
[BlackElo "2530"]
[Result "0-1"]
[EventDate "1987.08.05"]
[PlyCount "80"]

1. d4 Nf6 2. c4 e6 3. Nf3 d5 4. Nc3 Be7 5. Bg5 h6 6. Bxf6 Bxf6 7. e3 O-O 8. Rc1 a6 9. cxd5 exd5 10. Bd3 c6 11. O-O Re8 12. Na4 Nd7 13. b4 Be7 14. Qb3 Bd6 15. Nc5 Nf6 16. Rfe1 Qe7 17. a3 Ne4 18. Bxe4 dxe4 19. Nd2 Bf5 20. Nc4 Rad8 21. a4 Bg4 22. Nd2 Qh4 23. Nf1 Bc8 24. b5 Bxh2+ 25. Nxh2 Rd5 26. f4 Rh5 27. Nf1 Qh1+ 28. Kf2 Bh3 29. Re2 Qxg2+ 30. Ke1 Qxf1+ 31. Kd2 Qf3 32. Nxb7 Bg4 33. Rce1 axb5 34. Nd6 Rf8 35. axb5 Rd5 36. Nc4 Rxb5 37. Qa2 Rfb8 38. Kc3 Be6 39. Qa3 Qh5 40. Nd2 Qd5 0-1

[Event "25th Rubinstein Memorial"]
[Site "Polanica Zdroj POL"]
[Date "1987.08.??"]
[Round "3"]
[White "Kuczynski, Robert"]
[Black "Tomaszewski, Roman"]
[WhiteElo "2470"]
[BlackElo "2435"]
[Result "1/2-1/2"]
[EventDate "1987.08.05"]
[PlyCount "49"]
1. e4 Nf6 2. e5 Nd5 3. d4 d6 4. c4 Nb6 5. exd6 exd6 6. Nc3 Be7 7. Be2 O-O 8. Nf3 Bg4 9. h3 Bh5 10. O-O Nc6 11. b3 Bf6 12. Be3 d5 13. c5 Nc8 14. b4 Bxf3 15. Bxf3 N8e7 16. b5 Na5 17. Qd3 c6 18. Bf4 Nc4 19. bxc6 bxc6 20. Rab1 Ng6 21. Bg3 Re8 22. Rb7 Nf8 23. Bg4 Ne6 24. Rfb1 Qa5 25. Bxe6 1/2-1/2

[Event "25th Rubinstein Memorial"]
[Site "Polanica Zdroj POL"]
[Date "1987.08.??"]
[Round "3"]
[White "Spasov, Luben"]
[Black "Dolmatov, Sergei"]
[WhiteElo "2365"]
[BlackElo "2540"]
[Result "0-1"]
[EventDate "1987.08.05"]
[PlyCount "168"]
1. d4 Nf6 2. Nf3 e6 3. g3 c5 4. c3 b6 5. Bg2 Bb7 6. O-O Be7 7. Nbd2 O-O 8. Re1 d5 9. Ne5 b5 10. Nb3 c4 11. Nd2 Ne4 12. f3 Nxd2 13. Bxd2 Bd6 14. Ng4 f5 15. Nf2 Qf6 16. Rf1 Nd7 17. e4 Qf7 18. e5 Be7 19. f4 Bc6 20. g4 g6 21. gxf5 exf5 22. Qe2 Qe6 23. Nd1 a5 24. Ne3 Rab8 25. Qf3 Nb6 26. Rab1 Kf7 27. Kh1 Qd7 28. Qh3 Rh8 29. Be1 b4 30. Bh4 Bxh4 31. Qxh4 Qe7 32. Qh6 Qe6 33. Rg1 Nc8 34. Bh3 Ne7 35. Rbc1 Bd7 36. Rg2 Qc6 37. Rcg1 Be6 38. Rg5 Qd7 39. R5g2 Rbf8 40. Qh4 Ke8 41. Nc2 Qb5 42. Ne3 Kd7 43. Re2 h6 44. Bg2 Rfg8 45. Qe1 g5 46. Rf1 Rg7 47. Bh3 Rf8 48. Ref2 g4 49. Bg2 Qa6 50. Qa1 h5 51. Rd1 Qb5 52. Qc1 h4 53. b3 h3 54. Bf1 Rc8 55. bxc4 dxc4 56. d5 Bxd5+ 57. Nxd5 Nxd5 58. Rfd2 Rc5 59. cxb4 axb4 60. Bxc4 Qxc4 61. Qxc4 Rxc4 62. Rxd5+ Kc6 63. Rd6+ Kb5 64. R1d5+ Rc5 65. Rxc5+ Kxc5 66. Kg1 Ra7 67. Rd2 Kc6 68. Rd6+ Kc7 69. Rd2 Ra3 70. e6 Re3 71. Rd5 Rxe6 72. Kf2 Ra6 73. Rxf5 Rxa2+ 74. Kg3 Rg2+ 75. Kh4 b3 76. Rb5 b2 77. f5 Kd6 78. f6 Ke6 79. Rb6+ Kf7 80. Kg5 g3 81. Rb7+ Ke6 82. Rb6+ Kd7 83. f7 gxh2+ 84. Kh4 Ke7 0-1

[Event "25th Rubinstein Memorial"]
[Site "Polanica Zdroj POL"]
[Date "1987.08.??"]
[Round "4"]
[White "Tomaszewski, Roman"]
[Black "Spasov, Luben"]
[WhiteElo "2435"]
[BlackElo "2365"]
[Result "1/2-1/2"]
[EventDate "1987.08.05"]
[PlyCount "29"]
1. Nf3 Nf6 2. c4 e6 3. Nc3 d5 4. d4 Be7 5. cxd5 exd5 6. Bg5 c6 7. Qc2 g6 8. e3 Bf5 9. Bd3 Bxd3 10. Qxd3 Nbd7 11. Bh6 Bf8 12. Bxf8 Kxf8 13. Ne5 Kg7 14. f4 Rc8 15. O-O 1/2-1/2

[Event "25th Rubinstein Memorial"]
[Site "Polanica Zdroj POL"]
[Date "1987.08.??"]
[Round "4"]
[White "Boensch, Uwe"]
[Black "Kuczynski, Robert"]
[WhiteElo "2530"]
[BlackElo "2470"]
[Result "1/2-1/2"]
[EventDate "1987.08.05"]
[PlyCount "37"]
1. d4 d5 2. c4 c6 3. Nc3 Nf6 4. Bg5 Ne4 5. Nxe4 dxe4 6. Qd2 Bf5 7. f4 f6 8. Bh4 e6 9. e3 c5 10. d5 Na6 11. Ne2 Nc7 12. Ng3 Bg6 13. O-O-O Qd6 14. dxe6 Qxe6 15. Qa5 Qc6 16. Be2 Bd6 17. f5 b6 18. Qd2 O-O-O 19. Qc3 1/2-1/2

[Event "25th Rubinstein Memorial"]
[Site "Polanica Zdroj POL"]
[Date "1987.08.??"]
[Round "4"]
[White "Thorsteins, Karl"]
[Black "Rajna, Gyorgy"]
[WhiteElo "2445"]
[BlackElo "2520"]
[Result "1-0"]
[EventDate "1987.08.05"]
[PlyCount "133"]

1. d4 Nf6 2. c4 g6 3. Nc3 Bg7 4. e4 d6 5. f3 O-O 6. Be3 c5 7. dxc5 dxc5 8. Qxd8 Rxd8 9. Bxc5 Nc6 10. Ba3 b6 11. Nge2 Ba6 12. Nb5 Rd7 13. Nec3 Rad8 14. Be2 Bb7 15. Nd5 e6 16. Nb4 Nh5 17. Nxc6 Bxc6 18. g3 g5 19. Rd1 Rxd1+ 20. Bxd1 a6 21. Nc3 g4 22. Rf1 Rd4 23. Ne2 Rd7 24. fxg4 Nf6 25. Nc3 Nxe4 26. Nxe4 Bxe4 27. Rf2 Bd3 28. c5 bxc5 29. Bxc5 Bh6 30. Be2 Bb1 31. a3 a5 32. Bf3 Rc7 33. b4 Bg7 34. Kf1 axb4 35. axb4 Bd3+ 36. Kg2 e5 37. Ra2 h6 38. Bd5 e4 39. Kf2 Rd7 40. Bb3 Bd4+ 41. Bxd4 Rxd4 42. Rb2 Kf8 43. Ba2 Rd6 44. Ke3 Ke7 45. Bb1 Rg6 46. b5 Kd8 47. Bxd3 exd3 48. Rb4 Rd6 49. Kd2 Kc7 50. Rf4 Kb6 51. Rxf7 Kxb5 52. g5 hxg5 53. Rf5+ Kc6 54. Rxg5 Kd7 55. Re5 Rh6 56. h4 Kd6 57. Rg5 Ke6 58. Kxd3 Kf6 59. Ke4 Rh8 60. Ra5 Kg6 61. Kf4 Rb8 62. Ra6+ Kh7 63. Ra5 Kh6 64. g4 Rf8+ 65. Rf5 Ra8 66. Rf6+ Kg7 67. Re6 1-0

[Event "25th Rubinstein Memorial"]
[Site "Polanica Zdroj POL"]
[Date "1987.08.??"]
[Round "4"]
[White "Popchev, Milko"]
[Black "Hawelko, Marek"]
[WhiteElo "2460"]
[BlackElo "2440"]
[Result "1-0"]
[EventDate "1987.08.05"]
[PlyCount "55"]
1. d4 Nf6 2. g3 d5 3. Bg2 c5 4. Nf3 cxd4 5. O-O g6 6. b3 Bg7 7. Bb2 O-O 8. Nbd2 Ne4 9. Nxd4 Qb6 10. e3 Rd8 11. Nxe4 dxe4 12. Qe2 f5 13. Rfd1 Na6 14. Bf1 Bd7 15. Rd2 Rac8 16. Rad1 Nc5 17. Ba3 Be8 18. Nxf5 gxf5 19. Rxd8 Rxd8 20. Bxc5 Qc7 21. Rxd8 Qxd8 22. Bxa7 b6 23. Qa6 Qd1 24. Qc8 Kf8 25. Bxb6 f4 26. exf4 Bd4 27. Bxd4 Qxd4 28. Qf5+ 1-0

[Event "25th Rubinstein Memorial"]
[Site "Polanica Zdroj POL"]
[Date "1987.08.??"]
[Round "4"]
[White "Bany, Jerzy"]
[Black "Stempin, Pawel"]
[WhiteElo "2455"]
[BlackElo "2400"]
[Result "1-0"]
[EventDate "1987.08.05"]
[PlyCount "75"]
1. Nf3 Nf6 2. c4 e6 3. g3 b6 4. Bg2 Bb7 5. O-O Be7 6. Nc3 O-O 7. d4 d5 8. Ne5 Na6 9. Bf4 c5 10. cxd5 exd5 11. dxc5 Nxc5 12. Nb5 Nfe4 13. Rc1 Bf6 14. Nd3 Nxd3 15. exd3 Nc5 16. d4 Ne6 17. Be5 Bg5 18. f4 Be7 19. Qg4 f5 20. Qe2 Qd7 21. Rfe1 Bb4 22. Red1 Ba6 23. a4 Rac8 24. Qd3 Be7 25. Qb3 Rfd8 26. Rxc8 Bxc8 27. Rc1 Kf8 28. Qd3 g6 29. Qb3 Ba6 30. Rc3 Bxb5 31. axb5 Kf7 32. Rc6 h5 33. h3 Kf8 34. Rc2 Kf7 35. Bf3 Rg8 36. Kf2 h4 37. g4 fxg4 38. Bxg4 1-0

[Event "25th Rubinstein Memorial"]
[Site "Polanica Zdroj POL"]
[Date "1987.08.??"]
[Round "5"]
[White "Greenfeld, Alon"]
[Black "Bany, Jerzy"]
[WhiteElo "2520"]
[BlackElo "2455"]
[Result "1-0"]
[EventDate "1987.08.05"]
[PlyCount "107"]
1. Nf3 Nf6 2. c4 e6 3. d4 d5 4. Bg5 Be7 5. Nc3 h6 6. Bh4 O-O 7. Rc1 dxc4 8. e3 c5 9. Bxc4 cxd4 10. Nxd4 Bd7 11. O-O Nc6 12. Nf3 Rc8 13. a3 Nh5 14. Bxe7 Nxe7 15. Ne4 Bc6 16. Nfd2 g6 17. Qe2 Qa5 18. Bd3 Nd5 19. Nc4 Qc7 20. b4 Rfd8 21. Qb2 Nxb4 22. axb4 Rxd3 23. Ne5 Rd5 24. Ng4 Rb5 25. Rfd1 Rd8 26. Nxh6+ Kf8 27. Qh8+ Ke7 28. Ng8+ Rxg8 29. Qxg8 Nf6 30. Nxf6 Kxf6 31. Rc4 Ke7 32. Rf4 Be8 33. Qh8 Qe5 34. Qxe5 Rxe5 35. Ra1 a6 36. Ra5 Bb5 37. Rd4 Rh5 38. Ra1 Bc6 39. Ra5 e5 40. Rd1 Ke6 41. f3 Rh4 42. e4 f5 43. g3 Rh8 44. exf5+ gxf5 45. Ra3 e4 46. f4 Bb5 47. Rc3 Bd3 48. Rc5 Rd8 49. Re5+ Kf6 50. g4 Rd4 51. Rxf5+ Kg6 52. h4 Rxb4 53. h5+ Kg7 54. g5 1-0

[Event "25th Rubinstein Memorial"]
[Site "Polanica Zdroj POL"]
[Date "1987.08.??"]
[Round "5"]
[White "Hawelko, Marek"]
[Black "Garcia Gonzales, Guillermo"]
[WhiteElo "2440"]
[BlackElo "2510"]
[Result "1/2-1/2"]
[EventDate "1987.08.05"]
[PlyCount "44"]
1. e4 e5 2. Nf3 Nf6 3. Nxe5 d6 4. Nf3 Nxe4 5. d4 d5 6. Bd3 Bd6 7. O-O O-O 8. c4 c6 9. Re1 Re8 10. Nc3 Nxc3 11. bxc3 Rxe1+ 12. Qxe1 h6 13. h3 Be6 14. cxd5 cxd5 15. Ne5 Nc6 16. f4 Qc7 17. Bd2 Re8 18. Qg3 Ne7 19. Qf3 f6 20. Ng6 Nxg6 21. Bxg6 Bf7 22. Bd3 a6 1/2-1/2

[Event "25th Rubinstein Memorial"]
[Site "Polanica Zdroj POL"]
[Date "1987.08.??"]
[Round "5"]
[White "Rajna, Gyorgy"]
[Black "Popchev, Milko"]
[WhiteElo "2520"]
[BlackElo "2460"]
[Result "1/2-1/2"]
[EventDate "1987.08.05"]
[PlyCount "27"]

1. d4 d6 2. c4 e5 3. e3 Nc6 4. Nf3 e4 5. Nfd2 f5 6. Nc3 Nf6 7. a3 g6 8. b4 Bg7 9. Bb2 O-O 10. Be2 Ne7 11. d5 g5 12. Qc2 Ng6 13. Nb3 Qe7 14. Nd4 1/2-1/2

[Event "25th Rubinstein Memorial"]
[Site "Polanica Zdroj POL"]
[Date "1987.08.??"]
[Round "5"]
[White "Kuczynski, Robert"]
[Black "Thorsteins, Karl"]
[WhiteElo "2470"]
[BlackElo "2445"]
[Result "1-0"]
[EventDate "1987.08.05"]
[PlyCount "75"]
1. e4 c5 2. Nf3 e6 3. d4 cxd4 4. Nxd4 Nf6 5. Nc3 d6 6. Be2 Be7 7. O-O O-O 8. f4 a6 9. Kh1 Qc7 10. a4 Nc6 11. Be3 Re8 12. Bf3 Rb8 13. Qd2 Bd7 14. Qf2 Nxd4 15. Bxd4 e5 16. Bb6 Qc4 17. Be2 Qc6 18. a5 Be6 19. f5 Bc4 20. Bxc4 Qxc4 21. Ra4 Qc6 22. Rd1 Bd8 23. Rb4 Bxb6 24. Qxb6 Qxb6 25. Rxb6 d5 26. exd5 e4 27. d6 e3 28. d7 Nxd7 29. Rxd7 e2 30. Nxe2 Rxe2 31. h3 h5 32. c3 Rbe8 33. Rbxb7 R8e3 34. Rxf7 Rg3 35. f6 gxf6 36. Rfe7 Rxe7 37. Rxe7 Rg5 38. b4 1-0

[Event "25th Rubinstein Memorial"]
[Site "Polanica Zdroj POL"]
[Date "1987.08.??"]
[Round "5"]
[White "Dolmatov, Sergei"]
[Black "Tomaszewski, Roman"]
[WhiteElo "2540"]
[BlackElo "2435"]
[Result "0-1"]
[EventDate "1987.08.05"]
[PlyCount "80"]
1. e4 c6 2. d4 d5 3. exd5 cxd5 4. c4 Nf6 5. Nc3 g6 6. Qb3 Bg7 7. cxd5 O-O 8. Be2 Nbd7 9. Bf3 Nb6 10. Nge2 Bf5 11. d6 exd6 12. Bxb7 Rb8 13. Bf3 Nbd5 14. Qd1 Nxc3 15. bxc3 Qa5 16. O-O Rfc8 17. a4 Bg4 18. Ba3 Bxf3 19. gxf3 Qa6 20. Qd2 Nd5 21. Rfb1 Rxb1+ 22. Rxb1 Bf8 23. Qc2 Nb6 24. Bb4 d5 25. Nf4 Bh6 26. Ne2 Re8 27. Ng3 Nc4 28. Kg2 Bg5 29. Bc5 Bf4 30. Rb5 h5 31. h3 Bxg3 32. Kxg3 Qf6 33. Qc1 h4+ 34. Kg2 a6 35. Rb7 Kh7 36. Rd7 Qe6 37. Rb7 Qe2 38. Rxf7+ Kg8 39. Qf4 Ne3+ 40. Kg1 Nd1 0-1

[Event "25th Rubinstein Memorial"]
[Site "Polanica Zdroj POL"]
[Date "1987.08.??"]
[Round "6"]
[White "Boensch, Uwe"]
[Black "Dolmatov, Sergei"]
[WhiteElo "2530"]
[BlackElo "2540"]
[Result "1/2-1/2"]
[EventDate "1987.08.05"]
[PlyCount "26"]
1. d4 e6 2. c4 Nf6 3. Nc3 Bb4 4. Qc2 b6 5. Bg5 Bb7 6. e3 Qe7 7. Nge2 O-O 8. O-O-O d5 9. cxd5 exd5 10. Nf4 Bxc3 11. Qxc3 Nbd7 12. Kb1 Qd6 13. f3 h6 1/2-1/2

[Event "25th Rubinstein Memorial"]
[Site "Polanica Zdroj POL"]
[Date "1987.08.??"]
[Round "6"]
[White "Bany, Jerzy"]
[Black "Hawelko, Marek"]
[WhiteElo "2455"]
[BlackElo "2440"]
[Result "1/2-1/2"]
[EventDate "1987.08.05"]
[PlyCount "44"]
1. Nf3 Nf6 2. c4 e6 3. g3 b6 4. Bg2 Bb7 5. O-O Be7 6. Nc3 O-O 7. d4 Ne4 8. Qc2 Nxc3 9. Qxc3 f5 10. b3 Bf6 11. Bb2 a5 12. Rad1 d6 13. Rd2 Be4 14. Ne1 Bxg2 15. Nxg2 Nc6 16. Qf3 Qd7 17. Nf4 Nxd4 18. Bxd4 Bxd4 19. Rxd4 e5 20. Rd5 exf4 21. Qxf4 Rae8 22. e3 Qf7 1/2-1/2

[Event "25th Rubinstein Memorial"]
[Site "Polanica Zdroj POL"]
[Date "1987.08.??"]
[Round "7"]
[White "Hawelko, Marek"]
[Black "Stempin, Pawel"]
[WhiteElo "2440"]
[BlackElo "2400"]
[Result "1/2-1/2"]
[EventDate "1987.08.05"]
[PlyCount "88"]
1. e4 c5 2. Nf3 d6 3. d4 cxd4 4. Nxd4 Nf6 5. Nc3 a6 6. Be2 e6 7. f4 Be7 8. O-O Qc7 9. Kh1 O-O 10. a4 Rd8 11. Be3 Nbd7 12. g4 Nc5 13. Bf3 d5 14. e5 Nfe4 15. Nxe4 dxe4 16. Bg2 Bd7 17. c3 f6 18. exf6 Bxf6 19. g5 Bxd4 20. Bxd4 Bc6 21. Qg4 e3 22. Rae1 Bxg2+ 23. Kxg2 Qc6+ 24. Qf3 Rd5 25. Rxe3 Nb3 26. Rf2 Rf8 27. Qe4 Nxd4 28. cxd4 Rxd4 29. Qxc6 bxc6 30. Rxe6 Rfxf4 31. Rxc6 Rxa4 32. Rxf4 Rxf4 33. Rxa6 Rb4 34. Ra2 Rg4+ 35. Kf3 Rxg5 36. b4 Rb5 37. Rb2 Kf7 38. Ke4 Ke6 39. Kd4 Kd6 40. Kc4 Kc6 41. Rg2 g6 42. Rf2 Rh5 43. Rf6+ Kc7 44. Rf2 Kc6 1/2-1/2